[Event "European Cities & Towns Chess Championship - Open/Seniors"]
[Site "Central Europe"]
[Date "2023.01.29"]
[Round "5.10.2"]
[White "Brixel, Christof, Dr."]
[Black "Tepelenis, Nikolaos"]
[Result "0-1"]
[WhiteElo "1952"]
[BlackElo "2096"]
[BlackCountry "GR"]
[BlackFideId "4207599"]
[BlackTeam "Ioannina"]
[Termination "time forfeit"]
[WhiteCountry "DE"]
[WhiteFideId "16277040"]
[WhiteTeam "Hammersmith - West London"]

1. d4 d5 2. Nc3 Nf6 3. Bf4 a6 4. e3 e6 5. Nf3 c5 6. Be2 Nbd7 7. O-O b5 8. 
Ne5 Bb7 9. a3 Be7 10. Bf3 O-O 11. g4 Rc8 12. Bg2 Nxe5 13. Bxe5 Nd7 14. Bg3
Qb6 15. Ne2 Rfd8 16. c3 Nf6 17. f3 a5 18. h4 b4 19. g5 Ne8 20. Nf4 bxa3 
21. bxa3 Ba6 22. Rb1 Qc6 23. Rf2 cxd4 24. cxd4 Bxa3 25. Nd3 Bxd3 26. Qxd3 
Bb4 27. e4 Qc4 28. Rd1 Qxd3 29. Rxd3 Nd6 30. Bxd6 Rxd6 0-1

[Event "European Cities & Towns Chess Championship - Open/Seniors"]
[Site "Central Europe"]
[Date "2023.01.29"]
[Round "5.10.3"]
[White "Basios, Athanasios"]
[Black "Kelmendi, Bajrush"]
[Result "0-1"]
[WhiteElo "1860"]
[BlackElo "1942"]
[BlackCountry "GB"]
[BlackFideId "426024"]
[BlackTeam "Hammersmith - West London"]
[WhiteCountry "GR"]
[WhiteFideId "4215494"]
[WhiteTeam "Ioannina"]

1. e4 g6 2. d4 Bg7 3. Nf3 b6 4. Nc3 Bb7 5. Bc4 e6 6. O-O Ne7 7. Bg5 h6 8. 
Be3 d5 9. Bb5+ Kf8 10. e5 a6 11. Be2 Nd7 12. a4 c5 13. Qd2 cxd4 14. Bxd4 
Nc6 15. Qe3 Qc7 16. Rfe1 Nxd4 17. Qxd4 Nxe5 18. Qd2 Nxf3+ 19. Bxf3 Rc8 20.
 Rac1 Bxc3 21. bxc3 Qxc3 22. Qf4 Kg7 23. h4 Qf6 24. Qb4 Rc6 25. h5 g5 26. 
c4 Rhc8 27. c5 Qe7 28. Qb2+ Qf6 29. Qb3 Ba8 30. a5 bxc5 31. Rb1 c4 32. Qc2
Rc5 33. Qa4 Bc6 34. Qa3 Bb5 0-1

[Event "European Cities & Towns Chess Championship - Open/Seniors"]
[Site "Central Europe"]
[Date "2023.01.29"]
[Round "5.10.4"]
[White "Perchard, Matthew"]
[Black "Notsikas, Georgios"]
[Result "0-1"]
[WhiteElo "1506"]
[BlackElo "1000"]
[BlackCountry "GR"]
[BlackFideId "42140587"]
[BlackTeam "Ioannina"]
[WhiteCountry "GB"]
[WhiteFideId "343404235"]
[WhiteTeam "Hammersmith - West London"]

1. e4 c6 2. Nf3 d5 3. Nc3 Bg4 4. exd5 cxd5 5. Be2 Nc6 6. h3 Bh5 7. O-O Nf6
8. d3 e6 9. Ne5 Bxe2 10. Qxe2 Nxe5 11. Qxe5 Bd6 12. Qe2 Qb6 13. Rb1 O-O 
14. h4 Rac8 15. Bd2 a6 16. Bg5 Nd7 17. h5 h6 18. Bd2 Qd4 19. Be3 Qh4 20. 
g3 Qh3 21. Qf3 Nf6 22. Bd2 Qxh5 23. Qxh5 Nxh5 24. Kg2 Nf6 25. Rbc1 Rc6 26.
 Ne2 Rfc8 27. Nd4 R6c7 28. Ba5 Rd7 29. b3 Ba3 30. Rcd1 Bb2 31. c3 b6 32. 
Bxb6 Rxc3 33. Ne2 Rc2 34. Nd4 Bxd4 35. Bxd4 Rxa2 36. Ra1 Rxa1 37. Rxa1 Rb7
38. Ra3 Nd7 39. Kf3 e5 40. Bb2 d4 41. Ke4 Nc5+ 42. Kxe5 Nxd3+ 43. Kxd4 
Nxb2 44. Ke3 Nd1+ 45. Ke2 Nc3+ 46. Kd3 Nd5 47. Kc4 Nc7 48. Rxa6 Nxa6 0-1

[Event "European Cities & Towns Chess Championship - Open/Seniors"]
[Site "Central Europe"]
[Date "2023.01.29"]
[Round "5.11.1"]
[White "Rama, Lorenc"]
[Black "Babarovic, Fran"]
[Result "1-0"]
[WhiteElo "2125"]
[BlackElo "1275"]
[BlackCountry "SI"]
[BlackFideId "14641429"]
[BlackTeam "Ljubljana - Komenda"]
[WhiteCountry "AL"]
[WhiteFideId "4700171"]
[WhiteTeam "TEUTA - Durres Albania"]
[WhiteTitle "FM"]

1. d4 d5 2. c4 c6 3. Nf3 Nf6 4. Qb3 e6 5. g3 a5 6. Nc3 dxc4 7. Qxc4 Nd5 8.
 Bg2 b5 9. Qd3 Ba6 10. Ne4 Nd7 11. O-O N7f6 12. Bg5 b4 13. Qc2 Be7 14. 
Qxc6+ Nd7 15. Nd6+ Kf8 16. Bxe7+ Nxe7 17. Qc2 Ra7 18. Ng5 Qc7 19. Qxc7 
Rxc7 20. Ndxf7 h6 21. Nxe6+ Kxf7 22. Nxc7 Bxe2 23. Rfe1 Bg4 24. Rac1 Nf6 
25. h3 Bh5 26. Re5 Bg6 27. Rce1 Nc6 28. Bxc6 Rc8 29. Re7+ Kf8 30. Ba4 Ng8 
31. Re8+ Bxe8 32. Rxe8+ Rxe8 33. Nxe8 Ke7 34. Nxg7 1-0

[Event "European Cities & Towns Chess Championship - Open/Seniors"]
[Site "Central Europe"]
[Date "2023.01.29"]
[Round "5.11.2"]
[White "Zagar, Katarina"]
[Black "Ramaj, Ergit"]
[Result "0-1"]
[WhiteElo "1153"]
[BlackElo "1861"]
[BlackCountry "AL"]
[BlackFideId "4703669"]
[BlackTeam "TEUTA - Durres Albania"]
[WhiteCountry "SI"]
[WhiteFideId "14653826"]
[WhiteTeam "Ljubljana - Komenda"]

1. d4 Nf6 2. c4 e6 3. Nf3 d5 4. e3 Bb4+ 5. Bd2 Bxd2+ 6. Nbxd2 O-O 7. Be2 
b6 8. O-O Bb7 9. Rc1 Nbd7 10. Bd3 dxc4 11. Rxc4 Ba6 12. Rc3 Bxd3 13. Rxd3 
Nc5 14. Ra3 Nce4 15. Ne5 Nxd2 16. Qxd2 c5 17. Rd3 Qd5 18. b3 cxd4 19. exd4
Rfd8 20. Nf3 Rac8 21. Rd1 Ne4 22. Qe1 Rc2 23. a4 Nxf2 24. Qxf2 Rxf2 25. 
Kxf2 Rc8 26. R1d2 b5 27. axb5 Qxb5 28. Ne5 Rc1 29. d5 exd5 30. Rxd5 Qf1+ 
31. Ke3 Re1+ 32. Kd4 h6 33. Rd8+ Kh7 34. Rd7 Qf4+ 35. Kc3 Qxe5+ 36. Kc2 
Re2 37. Rxe2 Qxe2+ 38. Kc3 Qxg2 39. Rxf7 Qc6+ 40. Kb2 Qg2+ 41. Ka3 Qxh2 
42. Rxa7 Qf4 43. b4 Qe3+ 0-1

[Event "European Cities & Towns Chess Championship - Open/Seniors"]
[Site "Central Europe"]
[Date "2023.01.29"]
[Round "5.11.3"]
[White "Caushi, Alket"]
[Black "Krstic, David"]
[Result "1-0"]
[WhiteElo "1768"]
[BlackElo "1000"]
[BlackCountry "SI"]
[BlackFideId "14654946"]
[BlackTeam "Ljubljana - Komenda"]
[WhiteCountry "AL"]
[WhiteFideId "4701801"]
[WhiteTeam "TEUTA - Durres Albania"]

1. e4 c6 2. d4 d5 3. exd5 cxd5 4. Bd3 Nc6 5. c3 Nf6 6. Ne2 Bg4 7. O-O e6 
8. Bf4 Bd6 9. Bg3 Bxg3 10. fxg3 O-O 11. Nd2 a6 12. Nf3 b5 13. Qd2 Bxf3 14.
 Rxf3 Qc7 15. Qg5 h6 16. Qh4 Qe7 17. Raf1 Nd7 18. Qh3 b4 19. g4 bxc3 20. 
bxc3 Nb6 21. g5 Qxg5 22. Rg3 Qe7 23. Qxh6 g6 24. Bxg6 fxg6 25. Qxg6+ Kh8 
26. Rh3+ Qh4 1-0

[Event "European Cities & Towns Chess Championship - Open/Seniors"]
[Site "Central Europe"]
[Date "2023.01.29"]
[Round "6.1.1"]
[White "Kourkoulos-Arditis, Stamatis"]
[Black "Nguyen, Thai Dai Van"]
[Result "1/2-1/2"]
[WhiteElo "2537"]
[BlackElo "2656"]
[BlackCountry "CZ"]
[BlackFideId "358878"]
[BlackTeam "Prague - Open"]
[BlackTitle "GM"]
[WhiteCountry "GR"]
[WhiteFideId "4221990"]
[WhiteTeam "Kallithea - Athens"]
[WhiteTitle "IM"]

1. b3 c5 2. Bb2 Nc6 3. e3 Nf6 4. f4 g6 5. Nf3 Bg7 6. Be2 O-O 7. O-O b6 8. 
a4 Bb7 9. Na3 d6 10. Nc4 a6 11. Qe1 b5 12. axb5 axb5 13. Rxa8 Qxa8 14. Na3
b4 15. Nc4 Na5 16. Qa1 Nxc4 17. Bxc4 Be4 18. Qxa8 Rxa8 19. Ng5 Bd5 20. Ra1
Rxa1+ 21. Bxa1 Bxc4 22. bxc4 Nd7 23. Bxg7 Kxg7 24. Kf2 h6 25. Nf3 e5 26. 
d3 f5 27. Nd2 Kf6 28. g3 exf4 29. exf4 Nf8 30. Ke3 Ne6 31. Nb3 g5 32. d4 
Kg6 33. fxg5 hxg5 34. d5 Nd8 35. h4 Nf7 36. Na5 Ne5 37. hxg5 Kxg5 38. Kf2 
Kg4 39. Kg2 f4 40. gxf4 Kxf4 41. Kf2 Ke4 42. Ke2 Nd7 43. Kd2 Kd4 44. Nb7 
Ke5 45. c3 b3 46. Na5 Nb6 47. Kc1 Na4 48. Nxb3 Nxc3 49. Kc2 Na4 50. Kd3 
Nb2+ 51. Kc3 Nd1+ 52. Kc2 Nf2 53. Kc3 Ke4 54. Nxc5+ 1/2-1/2

[Event "European Cities & Towns Chess Championship - Open/Seniors"]
[Site "Central Europe"]
[Date "2023.01.29"]
[Round "6.1.2"]
[White "Rodshtein, Maxim"]
[Black "Halkias, Stelios"]
[Result "1-0"]
[WhiteElo "2616"]
[BlackElo "2516"]
[BlackCountry "GR"]
[BlackFideId "4201809"]
[BlackTeam "Kallithea - Athens"]
[BlackTitle "GM"]
[WhiteCountry "IL"]
[WhiteFideId "2806851"]
[WhiteTeam "Prague - Open"]
[WhiteTitle "GM"]

1. Nf3 Nf6 2. g3 d5 3. Bg2 e6 4. c4 Be7 5. d4 O-O 6. O-O c6 7. Nc3 a5 8. 
b3 b6 9. Bb2 Ba6 10. Re1 Nbd7 11. Nd2 Rc8 12. e4 e5 13. exd5 exd4 14. Ne2 
cxd5 15. Nxd4 Nc5 16. Nf5 Bd6 17. Nf1 Bb8 18. Ne7+ Kh8 19. Bxf6 gxf6 20. 
Nxc8 Be5 21. Na7 dxc4 22. bxc4 1-0

[Event "European Cities & Towns Chess Championship - Open/Seniors"]
[Site "Central Europe"]
[Date "2023.01.29"]
[Round "6.1.3"]
[White "Kalogeris, Ioannis"]
[Black "Movsesian, Sergei"]
[Result "0-1"]
[WhiteElo "2409"]
[BlackElo "2615"]
[BlackCountry "AM"]
[BlackFideId "310204"]
[BlackTeam "Prague - Open"]
[BlackTitle "GM"]
[WhiteCountry "GR"]
[WhiteFideId "4239563"]
[WhiteTeam "Kallithea - Athens"]
[WhiteTitle "FM"]

1. e4 Nf6 2. e5 Nd5 3. d4 d6 4. Nf3 dxe5 5. Nxe5 c6 6. Be2 Bf5 7. O-O Nd7 
8. Nf3 e6 9. c4 N5f6 10. Nc3 Bd6 11. Re1 O-O 12. Qb3 Qc7 13. h3 h6 14. Be3
Rad8 15. Rad1 Rfe8 16. Bf1 Qb8 17. Bc1 e5 18. c5 Bc7 19. Bc4 Be6 20. Bxe6 
Rxe6 21. dxe5 Nxe5 22. Rxd8+ Qxd8 23. Nxe5 Bxe5 24. Rd1 Qe7 25. Be3 Bxc3 
26. bxc3 Nd5 27. Bd4 Nf4 28. Kh2 Re2 29. Rd3 Nxd3 0-1

[Event "European Cities & Towns Chess Championship - Open/Seniors"]
[Site "Central Europe"]
[Date "2023.01.29"]
[Round "6.1.4"]
[White "Nemec, Jachym"]
[Black "Papasimakopoulos, Alexandros"]
[Result "1/2-1/2"]
[WhiteElo "2361"]
[BlackElo "2334"]
[BlackCountry "GR"]
[BlackFideId "4244125"]
[BlackTeam "Kallithea - Athens"]
[BlackTitle "FM"]
[WhiteCountry "CZ"]
[WhiteFideId "23716525"]
[WhiteTeam "Prague - Open"]
[WhiteTitle "FM"]

1. d4 e6 2. c4 Nf6 3. Nc3 Bb4 4. e3 O-O 5. Ne2 c6 6. a3 Ba5 7. b4 Bc7 8. 
c5 d5 9. cxd6 Bxd6 10. g3 e5 11. Bg2 Bg4 12. h3 Be6 13. O-O Nbd7 14. Qc2 
Nb6 15. Rd1 Qe7 16. b5 cxb5 17. Nxb5 Rac8 18. Qb1 Bb8 19. Bb2 Bc4 20. dxe5
Bxe5 21. Nxa7 Bxe2 22. Bxe5 Bxd1 23. Bxf6 Qxf6 24. Nxc8 Bc2 25. Ne7+ Kh8 
26. Qc1 Rd8 27. Kh2 Qxf2 28. Qf1 Rd2 29. Qxf2 Rxf2 30. Rf1 Rxf1 31. Bxf1 
Be4 32. Bb5 g6 33. a4 Kg7 34. a5 Nd5 35. Nxd5 Bxd5 36. a6 bxa6 37. Bxa6 
Kf6 38. Kg1 Be6 39. h4 Kf5 40. Kf2 Ke4 41. Bf1 h6 42. Ba6 Bb3 43. Bf1 Bc2 
44. Ba6 g5 45. hxg5 hxg5 46. Bc4 f6 47. Bg8 Kd3 48. Bh7+ Kd2 49. Bxc2 Kxc2
50. Kf3 Kd2 51. Ke4 Ke2 52. Kf5 Kxe3 53. Kxf6 Kf3 54. Kxg5 Kxg3 1/2-1/2

[Event "European Cities & Towns Chess Championship - Open/Seniors"]
[Site "Central Europe"]
[Date "2023.01.29"]
[Round "6.2.1"]
[White "Mastrovasilis, Dimitrios"]
[Black "Stoleriu, George"]
[Result "1-0"]
[WhiteElo "2605"]
[BlackElo "2389"]
[BlackCountry "RO"]
[BlackFideId "1227505"]
[BlackTeam "Iasi"]
[BlackTitle "FM"]
[WhiteCountry "GR"]
[WhiteFideId "4202694"]
[WhiteTeam "Thessaloniki"]
[WhiteTitle "GM"]

1. e4 c6 2. d4 d5 3. Nd2 dxe4 4. Nxe4 Nf6 5. Nxf6+ exf6 6. c3 Bd6 7. Bd3 
O-O 8. Ne2 Re8 9. O-O h5 10. Ng3 Bxg3 11. fxg3 Bg4 12. Qc2 Nd7 13. Bf4 Nb6
14. Rae1 Nd5 15. Qf2 Qd7 16. h3 Bf5 17. Be2 Bg6 18. Bd2 Rad8 19. b3 Nc7 
20. Bf3 Bd3 21. Rxe8+ Rxe8 22. Re1 Bg6 23. c4 Ne6 24. d5 cxd5 25. cxd5 Ng5
26. Rxe8+ Qxe8 27. Bxg5 fxg5 28. Qxa7 Qe1+ 29. Kh2 h4 30. Qb8+ Kh7 31. 
gxh4 gxh4 32. Qf4 Kg8 33. d6 Qe6 34. Bxb7 Bd3 35. Bf3 f6 36. Qd4 Bb5 37. 
Bd5 1-0

[Event "European Cities & Towns Chess Championship - Open/Seniors"]
[Site "Central Europe"]
[Date "2023.01.29"]
[Round "6.2.2"]
[White "Gheorghiu, Calin"]
[Black "Papaioannou, Ioannis"]
[Result "0-1"]
[WhiteElo "2317"]
[BlackElo "2628"]
[BlackCountry "GR"]
[BlackFideId "4201345"]
[BlackTeam "Thessaloniki"]
[BlackTitle "GM"]
[WhiteCountry "RO"]
[WhiteFideId "1200305"]
[WhiteTeam "Iasi"]
[WhiteTitle "FM"]

1. Nf3 Nf6 2. b3 d5 3. Bb2 c6 4. g3 Bg4 5. Bg2 Nbd7 6. d3 e6 7. Nbd2 Bd6 
8. O-O O-O 9. e4 e5 10. h3 Bh5 11. exd5 cxd5 12. Re1 Re8 13. g4 Bg6 14. 
Nh4 Rc8 15. Nxg6 hxg6 16. c4 Nc5 17. Qe2 Ne6 18. Qf1 Nf4 19. Nf3 e4 20. 
dxe4 dxe4 21. Bxf6 gxf6 22. Nh2 f5 23. Rad1 Qf6 24. Re3 Rcd8 25. gxf5 gxf5
26. Rg3+ Kf8 27. Kh1 Bc5 28. Rxd8 Rxd8 29. Qc1 Nd3 30. Rxd3 exd3 31. Bd5 
Qh4 32. Qc3 Re8 33. Nf3 Qxh3+ 34. Kg1 Bxf2+ 35. Kxf2 Re2+ 36. Kg1 Qg2# 0-1

[Event "European Cities & Towns Chess Championship - Open/Seniors"]
[Site "Central Europe"]
[Date "2023.01.29"]
[Round "6.2.3"]
[White "Mastrovasilis, Athanasios"]
[Black "Calin, Alexandru"]
[Result "1/2-1/2"]
[WhiteElo "2520"]
[BlackElo "2169"]
[BlackCountry "RO"]
[BlackFideId "1222961"]
[BlackTeam "Iasi"]
[BlackTitle "FM"]
[WhiteCountry "GR"]
[WhiteFideId "4201990"]
[WhiteTeam "Thessaloniki"]
[WhiteTitle "GM"]

1. d4 d5 2. c4 e6 3. Nc3 c6 4. cxd5 exd5 5. Bf4 Bd6 6. Bg3 Nf6 7. e3 Bf5 
8. Nge2 O-O 9. Bxd6 Qxd6 10. Ng3 Bg6 11. h4 h6 12. h5 Bh7 13. Bd3 Nbd7 14.
 Bxh7+ Nxh7 15. Nf5 Qf6 16. Qg4 Nb6 17. O-O-O Nc4 18. Qf4 Rfd8 19. Ne2 a5 
20. b3 Nd6 21. Nxd6 Qxd6 22. Qxd6 Rxd6 23. Kd2 Nf6 24. f3 a4 25. b4 Nd7 
26. Ng3 Nb6 27. Nf5 Re6 28. Rhe1 Rae8 29. Kc3 Kh7 30. Rd3 Rf6 31. g4 g6 
32. hxg6+ fxg6 33. Nh4 Rfe6 34. Ng2 g5 35. Rd2 Nc4 36. Rde2 Nd6 37. Kd3 
Rf6 38. Rf1 Rfe6 39. Rh1 Kg7 40. Rh3 Rf6 41. Re1 Ref8 42. Rf1 Re6 43. Re1 
Ref6 44. Rf1 Re6 45. Re1 Ref6 1/2-1/2

[Event "European Cities & Towns Chess Championship - Open/Seniors"]
[Site "Central Europe"]
[Date "2023.01.29"]
[Round "6.2.4"]
[White "Zubcu, Vlad-George"]
[Black "Ioannidis, Evgenios"]
[Result "0-1"]
[WhiteElo "2156"]
[BlackElo "2476"]
[BlackCountry "GR"]
[BlackFideId "4229274"]
[BlackTeam "Thessaloniki"]
[BlackTitle "IM"]
[WhiteCountry "RO"]
[WhiteFideId "1219715"]
[WhiteTeam "Iasi"]

1. e4 e5 2. Nf3 Nc6 3. Bc4 Nf6 4. Ng5 d5 5. exd5 Na5 6. d3 h6 7. Nf3 e4 8.
 Qe2 Nxc4 9. dxc4 Bg4 10. h3 Bh5 11. g4 Bg6 12. Nd4 c6 13. Nc3 Bb4 14. Bd2
O-O 15. O-O-O cxd5 16. Nxd5 Nxd5 17. cxd5 Bxd2+ 18. Rxd2 Qxd5 19. Nb3 Qe5 
20. Rhd1 f5 21. gxf5 Qxf5 22. Qe3 Rac8 23. Nd4 Qe5 24. Kb1 Kh7 25. Rg1 Rf7
26. Rg3 Rcf8 27. Rg2 Rf6 28. Re2 Rd6 29. Rd2 Qf6 30. c3 Qe5 31. Kc1 Rdf6 
32. Rg3 b5 33. Kb1 a5 34. Rg4 Rxf2 35. Rxf2 Rxf2 36. a3 Rf1+ 37. Ka2 a4 
38. c4 Bf7 39. Rxe4 Bxc4+ 40. b3 Qh2+ 41. Ne2 axb3+ 42. Kb2 Rf2 43. Kc3 
Rxe2 0-1

[Event "European Cities & Towns Chess Championship - Open/Seniors"]
[Site "Central Europe"]
[Date "2023.01.29"]
[Round "6.3.1"]
[White "Tarhan, Adar"]
[Black "Manolache, Marius"]
[Result "0-1"]
[WhiteElo "2321"]
[BlackElo "2454"]
[BlackCountry "RO"]
[BlackFideId "1201530"]
[BlackTeam "CSM Galati"]
[BlackTitle "GM"]
[WhiteCountry "TR"]
[WhiteFideId "34544712"]
[WhiteTeam "Istanbul - Open"]
[WhiteTitle "FM"]

1. e4 c5 2. Nf3 e6 3. d4 cxd4 4. Nxd4 Nc6 5. Nc3 Qc7 6. g3 a6 7. Bg2 Nf6 
8. O-O Be7 9. Be3 O-O 10. Nb3 d6 11. Qe2 b5 12. f4 Bb7 13. Rad1 Rac8 14. 
a3 Nd7 15. Bh3 Bf6 16. f5 Rce8 17. fxe6 fxe6 18. Qd3 Be5 19. Ne2 Nf6 20. 
Nf4 Nd8 21. Bg2 Nf7 22. Nd4 Bxd4 23. Bxd4 e5 24. Bc3 exf4 25. Bxf6 gxf6 
26. gxf4 Kh8 27. Kh1 Rg8 28. Bf3 Qe7 29. Rde1 Rg7 30. Qc3 Nd8 31. e5 Bxf3+
32. Rxf3 dxe5 33. fxe5 f5 34. Rxf5 Ne6 35. Ref1 Reg8 36. Rf6 Qb7+ 37. Qf3 
Qxf3+ 38. R6xf3 Nd4 39. R3f2 Re7 40. Rd2 Nc6 41. Rd6 Nxe5 42. Rxa6 Nc4 43.
 b4 Re2 44. a4 bxa4 45. Rxa4 Nd2 46. Rg1 Nf3 47. Rxg8+ Kxg8 48. Ra8+ Kg7 
49. Ra7+ Kg6 50. Ra6+ Kh5 51. Ra5+ Kh4 0-1

[Event "European Cities & Towns Chess Championship - Open/Seniors"]
[Site "Central Europe"]
[Date "2023.01.29"]
[Round "6.3.2"]
[White "Barbu, Simon-Alexandru"]
[Black "Can, Isik"]
[Result "0-1"]
[WhiteElo "2023"]
[BlackElo "2488"]
[BlackCountry "TR"]
[BlackFideId "6383742"]
[BlackTeam "Istanbul - Open"]
[BlackTitle "IM"]
[WhiteCountry "RO"]
[WhiteFideId "1257170"]
[WhiteTeam "CSM Galati"]

1. e4 c6 2. d4 d5 3. exd5 cxd5 4. Bd3 Nc6 5. c3 Qc7 6. Ne2 Bg4 7. O-O e6 
8. Qe1 Bxe2 9. Qxe2 Bd6 10. g3 h5 11. Nd2 h4 12. Nf3 hxg3 13. fxg3 O-O-O 
14. Bg5 Nge7 15. Rae1 Kb8 16. Bxe7 Qxe7 17. Ne5 Nxe5 18. dxe5 Bc5+ 19. Kg2
Rh6 20. Qf3 Rdh8 21. h4 f5 22. exf6 Rxf6 23. Qg4 e5 24. Bg6 Rhf8 25. Rf5 
Rxf5 26. Bxf5 e4 27. Qg6 Qe5 28. Rf1 e3 29. Qe6 Qc7 30. Qxd5 e2 31. Re1 g6
32. Be4 Bf2 0-1

[Event "European Cities & Towns Chess Championship - Open/Seniors"]
[Site "Central Europe"]
[Date "2023.01.29"]
[Round "6.3.3"]
[White "Makaraci, Tunahan"]
[Black "Tudoroiu, Razvan-Catalin"]
[Result "1-0"]
[WhiteElo "2296"]
[BlackElo "1923"]
[BlackCountry "RO"]
[BlackFideId "1281100"]
[BlackTeam "CSM Galati"]
[WhiteCountry "TR"]
[WhiteFideId "6356559"]
[WhiteTeam "Istanbul - Open"]

1. e4 e5 2. Nf3 Nc6 3. d4 exd4 4. Nxd4 Nf6 5. Nc3 Bc5 6. Nxc6 bxc6 7. Bd3 
O-O 8. O-O Rb8 9. e5 Nd5 10. Ne4 Be7 11. Qh5 g6 12. Qh6 d6 13. c4 Nb4 14. 
Ng5 Bxg5 15. Bxg5 f6 16. Bxf6 Rxf6 17. exf6 Qxf6 18. Rae1 Bd7 19. Bb1 c5 
20. a3 Nc6 21. Be4 Ne5 22. h3 Kh8 23. b4 cxb4 24. axb4 Nxc4 25. Bd5 Ne5 
26. Re4 Re8 27. Rf4 Qe7 28. Kh2 c6 29. Bb3 d5 30. Re1 Qd6 31. g3 Kg8 32. 
Re3 Qc7 33. b5 Qa5 34. Rxe5 1-0

[Event "European Cities & Towns Chess Championship - Open/Seniors"]
[Site "Central Europe"]
[Date "2023.01.29"]
[Round "6.3.4"]
[White "Jugaru, Lucian"]
[Black "Citak, Selim"]
[Result "0-1"]
[WhiteElo "1839"]
[BlackElo "2281"]
[BlackCountry "TR"]
[BlackFideId "6301819"]
[BlackTeam "Istanbul - Open"]
[BlackTitle "FM"]
[WhiteCountry "RO"]
[WhiteFideId "1220497"]
[WhiteTeam "CSM Galati"]

1. e4 c5 2. Nc3 Nc6 3. g3 g6 4. Bg2 Bg7 5. f4 e6 6. Nf3 d6 7. O-O Nge7 8. 
Ne2 O-O 9. c3 b6 10. d4 cxd4 11. cxd4 d5 12. e5 Ba6 13. Rf2 Rc8 14. a3 Na5
15. g4 Qd7 16. Ng3 Rc7 17. Bd2 Nc4 18. Bc3 Ne3 19. Qe1 Nxg4 20. Rd2 Nh6 
21. h4 Nhf5 22. h5 Nxg3 23. Qxg3 Nf5 24. Qh3 h6 25. Bf1 Bxf1 26. Rxf1 Rfc8
27. Rg2 Ne3 28. Rff2 Nxg2 29. Rxg2 Qe8 30. Nh4 Kh7 31. hxg6+ fxg6 32. Nxg6
Qf7 33. Qd3 Qf5 34. Qxf5 exf5 35. Nh4 Rf7 36. e6 Rf6 37. e7 Re8 38. Re2 a5
39. Re5 Rf7 40. Nxf5 Bxe5 0-1

[Event "European Cities & Towns Chess Championship - Open/Seniors"]
[Site "Central Europe"]
[Date "2023.01.29"]
[Round "6.4.2"]
[White "Xhembulla, Aleksander"]
[Black "Krivokapic, Marko"]
[Result "1/2-1/2"]
[WhiteElo "2091"]
[BlackElo "2386"]
[BlackCountry "ME"]
[BlackFideId "931314"]
[BlackTeam "Niksic"]
[BlackTitle "IM"]
[WhiteCountry "AL"]
[WhiteFideId "4705114"]
[WhiteTeam "TIRANA City"]

1. e4 c5 2. c3 Nf6 3. e5 Nd5 4. d4 cxd4 5. Nf3 Nc6 6. Bc4 Nb6 7. Bb3 d5 8.
 exd6 Qxd6 9. Nxd4 Nxd4 10. cxd4 e6 11. O-O Bd7 12. Nc3 Bc6 13. Re1 Be7 
14. Qg4 O-O 15. Bh6 Bf6 16. Rad1 Rfe8 17. Rd3 g6 18. h4 Bg7 19. Bf4 Qb4 
20. h5 Rad8 21. hxg6 hxg6 22. Rxe6 fxe6 23. Qxg6 Qf8 24. Be5 Qf7 25. Qg5 
Rd7 26. Rg3 Kf8 27. d5 exd5 28. Bxg7+ Qxg7 29. Qf4+ Qf7 30. Qh6+ Ke7 31. 
Rg7 Kd8 32. Rxf7 Rxf7 33. Qg5+ Kc7 34. Nxd5+ Nxd5 35. Bxd5 Rfe7 36. Bxc6 
Kxc6 37. g3 Re2 38. Qf6+ R8e6 39. Qc3+ Kb6 40. Kf1 R2e5 41. g4 a5 42. Kg2 
Ka6 43. a4 Re4 44. Qd3+ Ka7 45. f3 Rb4 46. b3 Reb6 47. g5 Rxb3 48. Qd4 Rb4
49. Qc5 Ka6 50. Kg3 Rxa4 51. f4 Rc6 52. Qd5 Rcc4 53. Qe6+ b6 54. Qe2 Ka7 
55. Qe7+ Ka6 56. Qe2 Ka7 57. Qe7+ Ka6 58. Qf7 Rc3+ 59. Kg4 Ra1 60. g6 a4 
61. g7 Rg1+ 62. Kf5 Rcg3 63. Qc4+ Ka5 64. Qd5+ b5 65. Qd2+ Kb6 66. Qd6+ 
Ka5 67. Qd2+ Kb6 68. Qd6+ Ka5 69. Qd2+ 1/2-1/2

[Event "European Cities & Towns Chess Championship - Open/Seniors"]
[Site "Central Europe"]
[Date "2023.01.29"]
[Round "6.4.3"]
[White "Kisic, Bozidar"]
[Black "Zeneli, Klendi"]
[Result "1-0"]
[WhiteElo "2303"]
[BlackElo "2052"]
[BlackCountry "AL"]
[BlackFideId "4706609"]
[BlackTeam "TIRANA City"]
[WhiteCountry "ME"]
[WhiteFideId "16500350"]
[WhiteTeam "Niksic"]
[WhiteTitle "FM"]

1. d4 d5 2. Bf4 c5 3. e4 dxe4 4. d5 Nf6 5. Nc3 e6 6. Bb5+ Bd7 7. dxe6 fxe6
8. Qe2 Bxb5 9. Qxb5+ Qd7 10. Rd1 Qxb5 11. Nxb5 Na6 12. Nh3 Nd5 13. Bg3 Be7
14. O-O O-O 15. Rfe1 Rfd8 16. c3 e3 17. fxe3 Nf6 18. Ng5 Nh5 19. Nxe6 Rxd1
20. Rxd1 Nxg3 21. hxg3 Kf7 22. Nf4 Ke8 23. Kf2 c4 24. Nd5 Rc8 25. Nxe7 
Kxe7 26. Nd6 Rc7 27. Ke2 Ke6 28. Rd4 Nc5 29. Nxc4 b5 30. Nd2 Na4 31. Rb4 
Rc5 32. c4 Nb6 33. Rxb5 Rxb5 34. cxb5 Kd5 35. b3 Kc5 36. a4 Kb4 37. e4 Nd7
38. Ke3 Nc5 39. e5 Ne6 40. Ke4 Kc3 41. Kd5 Nd8 42. e6 Nxe6 43. Kxe6 Kxd2 
44. a5 1-0

[Event "European Cities & Towns Chess Championship - Open/Seniors"]
[Site "Central Europe"]
[Date "2023.01.29"]
[Round "6.4.4"]
[White "Shuqja, Klean"]
[Black "Saric, Igor"]
[Result "0-1"]
[WhiteElo "1884"]
[BlackElo "2282"]
[BlackCountry "ME"]
[BlackFideId "909319"]
[BlackTeam "Niksic"]
[BlackTitle "FM"]
[WhiteCountry "AL"]
[WhiteFideId "4701585"]
[WhiteTeam "TIRANA City"]
[WhiteTitle "WFM"]

1. e4 e6 2. d4 d5 3. e5 c5 4. c3 Qb6 5. Nf3 Bd7 6. a3 Nc6 7. b4 cxd4 8. 
cxd4 Rc8 9. Be2 a5 10. b5 Nxd4 11. Nxd4 Rxc1 12. Qxc1 Qxd4 13. Qc3 Bc5 14.
 O-O Qxc3 15. Nxc3 Bd4 16. Rac1 Bxe5 17. Rfe1 Ne7 18. a4 b6 19. Bf3 Bf4 
20. Rc2 O-O 21. g3 Bd6 22. Rd1 Bc5 23. Ne2 g6 24. Nc1 Rb8 25. Nb3 Bb4 26. 
Rc7 Be8 27. Nd4 Bc5 28. Nb3 Bd6 29. Rc2 Kf8 30. Bg2 Nf5 31. Nd4 Nxd4 32. 
Rxd4 Bc5 33. Rd1 Ke7 34. Kf1 Kd6 35. f4 Ke7 36. Re2 Kf6 37. Rde1 Bd7 38. 
Rd1 h6 39. h4 Rg8 40. Bh3 Bc8 41. Kg2 g5 42. hxg5+ hxg5 43. Kf3 gxf4 44. 
gxf4 Bd6 45. Rg2 Rh8 46. Bg4 Bb7 47. Kg3 Rg8 48. Rc2 Ke7 49. Re2 f5 50. 
Rh2 Rxg4+ 51. Kf3 Rg7 52. Rh6 d4+ 53. Kf2 Bxf4 0-1

[Event "European Cities & Towns Chess Championship - Open/Seniors"]
[Site "Central Europe"]
[Date "2023.01.29"]
[Round "6.5.1"]
[White "Samunenkov, Ihor"]
[Black "Massoni, Michael"]
[Result "1-0"]
[WhiteElo "2485"]
[BlackElo "2322"]
[BlackCountry "FR"]
[BlackFideId "654213"]
[BlackTeam "Corsica "]
[BlackTitle "IM"]
[Termination "time forfeit"]
[WhiteCountry "UA"]
[WhiteFideId "14187086"]
[WhiteTeam "Kyiv region"]
[WhiteTitle "IM"]

1. d4 Nf6 2. Nc3 d5 3. Bf4 c6 4. e3 g6 5. h4 Bg7 6. Be2 h5 7. Nf3 Bf5 8. 
Qd2 Nbd7 9. Ng5 Nf8 10. f3 Ne6 11. Be5 O-O 12. O-O-O Nh7 13. g4 hxg4 14. 
fxg4 Nexg5 15. gxf5 Ne4 16. Nxe4 dxe4 17. fxg6 fxg6 18. Bc4+ Kh8 19. Qg2 
Qa5 20. Bxg7+ Kxg7 21. Rhg1 Qf5 22. Rdf1 Qh5 23. Rxf8 Rxf8 24. Qxe4 e5 25.
 dxe5 Re8 26. e6 Nf6 27. Qd4 Qf5 28. Rf1 1-0